000 00318nam a2200121Ia 4500
005 20251222140035.0
008 251222s1900||||xx |||||||||||||| ||spa||
082 _a189.4/P43
100 _aPero-Sanz Elorz, José Miguel
245 0 _aEl Conocimiento por Connaturalidad:
264 _bUniversidad de Navarra
942 _cLIB
999 _c3086
_d3086